Dạy từ vựng Anh ngữ cho học sinh lớp 6 phổ thông theo phương hướng thực hành giao tiếp trong điều kiện không có môi trường tiếng
Guardat en:
| Autor principal: | |
|---|---|
| Altres autors: | |
| Format: | Llibre |
| Idioma: | Vietnamese |
| Publicat: |
Đà Nẵng,
1991.
|
| Matèries: | |
| Etiquetes: |
Afegir etiqueta
Sense etiquetes, Sigues el primer a etiquetar aquest registre!
|
| Thư viện lưu trữ: | Mạng thư viện Đại học Đà Nẵng |
|---|
| LEADER | 01091cmm a2200337 i 4500 | ||
|---|---|---|---|
| 001 | 000044810 | ||
| 003 | 3218 | ||
| 005 | 20030508144741.0 | ||
| 008 | 010312|1991 vm 000 vie | ||
| 040 | |a IRC |c IRC |d IRC | ||
| 041 | 0 | |a vie | |
| 082 | 1 | 4 | |a 425 |b ĐO-B |
| 100 | 1 | |a Đoàn Thị Ngọc Bích. | |
| 245 | 0 | 0 | |a Dạy từ vựng Anh ngữ cho học sinh lớp 6 phổ thông theo phương hướng thực hành giao tiếp trong điều kiện không có môi trường tiếng |h [Thesis-Luận văn]. / |c Đoàn Thị Ngọc Bích thực hiện ; Trần Quang Hải hướng dẫn. |
| 260 | |a Đà Nẵng, |c 1991. | ||
| 300 | |a 63tr. ; |c 30cm. | ||
| 630 | 0 | 4 | |a Khoá luận. |
| 630 | 0 | 4 | |a Anh ngữ, từ vựng. |
| 630 | 0 | 4 | |a Thực hành giảng dạy. |
| 650 | 0 | 4 | |a Anh ngữ |x Từ ngữ. |
| 700 | 1 | |a Trần Quang Hải, |e hướng dẫn. | |
| OWN | |a DUT | ||
| 999 | |a From the UDN01 | ||
| TYP | |a Computer file | ||
| TYP | |a Monograph | ||
| 980 | |a Mạng thư viện Đại học Đà Nẵng | ||